|
|
|
|
| LEADER |
00000cam a2200000 7i4500 |
| 001 |
0000003819 |
| 005 |
20110713.0 |
| 020 |
0 |
0 |
|a 9780787984922
|
| 090 |
0 |
0 |
|a 658.4092
|b JAM 2007
|
| 100 |
0 |
0 |
|a Kouzes, James M.
|
| 245 |
1 |
0 |
|a The leadership challenge
|c James M. Kouzes& Barry Z. Posner
|
| 260 |
0 |
0 |
|a USA : California :
|b Jossey Bass ,
|c 2007
|
| 300 |
|
|
|a xvii.389 p. :
|b ill. ;
|c 23 cm.
|
| 500 |
0 |
0 |
|a Includes bibliographical references and index
|
| 650 |
0 |
0 |
|a Executive ability
|
| 650 |
0 |
0 |
|a Leadership
|
| 650 |
0 |
0 |
|a Management
|
| 700 |
0 |
1 |
|a Posner, Barry
|
| 998 |
|
|
|a JPSM
|
| 999 |
|
|
|a 007426
|b Monograph
|c Open Shelf
|e Default branch
|